Modern monetary macroeconomics : (Registro nro. 8353)

Detalles MARC
000 -LEADER
fixed length control field 02246nam a2200277Ia 4500
003 - CONTROL NUMBER IDENTIFIER
control field OSt
005 - DATE AND TIME OF LATEST TRANSACTION
control field 20210823120429.0
008 - FIXED-LENGTH DATA ELEMENTS--GENERAL INFORMATION
fixed length control field 210310s2012 eu ad fr 001 0 eng d
020 ## - INTERNATIONAL STANDARD BOOK NUMBER
International Standard Book Number 9781847200358
040 ## - CATALOGING SOURCE
Original cataloging agency CO-JMCR
Transcribing agency CO-JMCR
041 0# - LANGUAGE CODE
Language code of text/sound track or separate title eng
082 04 - DEWEY DECIMAL CLASSIFICATION NUMBER
Classification number 339.5 /
Item number G572m
Edition number 23
100 1# - MAIN ENTRY--PERSONAL NAME
Personal name Gnos, Claude,
9 (RLIN) 17023
Relator term editora
245 10 - TITLE STATEMENT
Title Modern monetary macroeconomics :
Remainder of title a new paradigm for economic policy /
Statement of responsibility, etc. edited by Claude Gnos and Sergio Rossi
260 ## - PUBLICATION, DISTRIBUTION, ETC.
Place of publication, distribution, etc. Cheltenham :
Name of publisher, distributor, etc. Edward Elgar,
Date of publication, distribution, etc. 2012
300 ## - PHYSICAL DESCRIPTION
Extent xiii, 302 páginas :
Other physical details ilustraciones y gráficas a color ;
Dimensions 24 cm.
490 0# - SERIES STATEMENT
Series statement New directions in modern economics
500 ## - GENERAL NOTE
General note Incluye índice de autores
504 ## - BIBLIOGRAPHY, ETC. NOTE
Bibliography, etc. note Bibliografía al final de cada capítulo.
505 0# - FORMATTED CONTENTS NOTE
Formatted contents note A new analytical approach -- Domestic issues and economic policies -- International issues and economic policies
520 3# - SUMMARY, ETC.
Summary, etc. This timely book uses cutting-edge research to analyse the fundamental causes of economic and financial crises, and illustrates the macroeconomic foundations required for future economic policymaking in order to avoid these crises.<br/>The expert contributors take a critical approach to monetary analysis, providing elements for a new paradigm of economic policymaking at both national and international levels. Major issues are explored, including: inflation, capital accumulation and involuntary unemployment, sovereign debts and interest payment. and the euro-area crisis.<br/>Opening new lines of research in the economic and financial crises, this book will prove a fascinating read for academics, students and researchers in the field of monetary economics. Monetary policymakers, central bank officials and international financial organisations will also find the book to be an invaluable resource.<br/>Claude Gnos is Senior Research Associate in the Centre for Monetary and Financial Studies at the University of Burgundy, Dijon, France and in the International Economic Policy Institute at Laurentian University, Canada and Sergio Rossi is Full Professor of Economics at the University of Fribourg, Switzerland.
650 14 - SUBJECT ADDED ENTRY--TOPICAL TERM
Topical term or geographic name entry element Macroeconomía
9 (RLIN) 17025
650 24 - SUBJECT ADDED ENTRY--TOPICAL TERM
Topical term or geographic name entry element Política económica
9 (RLIN) 39537
700 1# - ADDED ENTRY--PERSONAL NAME
Personal name Rossi, Sergio,
Relator term editor
9 (RLIN) 39538
942 ## - ADDED ENTRY ELEMENTS (KOHA)
Source of classification or shelving scheme Dewey Decimal Classification
Koha item type Books
Existencias
Withdrawn status Lost status Source of classification or shelving scheme Damaged status Not for loan Collection code Home library Current library Date acquired Source of acquisition Full call number Barcode Date last seen Copy number Koha item type
    Dewey Decimal Classification     Non-fiction Biblioteca Pública José María del Castillo y Rada Biblioteca Pública José María del Castillo y Rada 04/15/2018 Donación 339.5 / G572m 430000106 05/16/2024 Ej.1 Books